Integrated Handbook Of Family medicine/ (Record no. 215675)

MARC details
000 -LEADER
fixed length control field 00673nam a22002057a 4500
005 - DATE AND TIME OF LATEST TRANSACTION
control field 20260319154913.0
010 ## - LCCN (DPL NO)
LC control number ENG-147955
020 ## - INTERNATIONAL STANDARD BOOK NUMBER
International Standard Book Number 9788193136225
Terms of availability 1500.00
035 ## - SYSTEM CONTROL NUMBER
System control number EN-131487
037 ## - SOURCE OF ACQUISITION
Source of stock number/acquisition DBAD
082 ## - DEWEY DECIMAL CLASSIFICATION NUMBER
Classification number 615
100 ## - MAIN ENTRY--PERSONAL NAME
Personal name Haval, Smruti
245 ## - TITLE STATEMENT
Title Integrated Handbook Of Family medicine/
Statement of responsibility, etc Smruti Hayal
Medium English
260 ## - PUBLICATION, DISTRIBUTION, ETC. (IMPRINT)
Name of publisher, distributor, etc Sukarmayogi Publishers
Date of publication, distribution, etc 2016
Place of publication, distribution, etc Karnataka
270 ## - ADDRESS
Address Sukarmayogi Publishers, Rukmini Hoapital,Maddi Gali, Sankeshwar, Belgaum, Karnataka, India-591313
City Karanataka
Postal code 591313
300 ## - PHYSICAL DESCRIPTION
Extent 208pbk.
Dimensions 28cm
490 ## - SERIES STATEMENT
Series statement Vol 3
600 ## - SUBJECT ADDED ENTRY--PERSONAL NAME
Dates associated with a name Haval, Smruti
942 ## - ADDED ENTRY ELEMENTS (KOHA)
Source of classification or shelving scheme Dewey Decimal Classification
Item type English Books
Classification part 615
Call number suffix HAV
Edition 1

No items available.


© Delhi Public Library
Hit Counter
free hit counter